000
00367nam a2200133Ia 4500
008
100328s9999 xx 000 0 und d
082
_b
59864
100
_a
देवधर जोत्स्ना.
245
_a
कुँवरणी.
260
_b
मंगलदीप.
630
_a
कुँवरणी.
730
_a
कुँवरणी.
942
_c
BOOK
999
_c
546052
_d
546049